History Quiz

Random History or War Quiz

Before or After: 1900 Quiz Stats

 Plays Quiz Updated Jul 2, 2018

Challenge
Share
Tweet
Embed
Score 0/10 Timer 03:00
3 Plays Today
Event Before/After % Correct
At least 150 Lakota natives are killed in the Wounded Knee Massacre in South Dakota???
76.9%
The Republic of Cuba gains formal independence from the U.S.???
73.9%
Abraham (Bram) Stoker publishes his Gothic novel 'Dracula'???
71.8%
St. Louis hosts the World's Fair, inspiring the 1944 Judy Garland film???
68.3%
The signing of the Treaty of Portsmouth formally ends the Russo-Japanese War???
65.1%
The Second Boer War begins, featuring guerrilla tactics in South Africa and Swaziland???
63.4%
Wm. Jennings Bryan becomes the first US Presidential candidate to travel widely during his campaign, giving over 500 speeches in 100 days across 27 states???
58.8%
The Constitution of Australia comes into force, uniting six formerly separate colonies into one commonwealth???
55.8%
Pierre and Marie Curie discover radium and coin the term 'radioactivity'???
55%
Pyotr Ilyich Tchaikovsky dies at age 53, just nine days after his Sixth Symphony (Pathétique) premieres???
52.7%

You're not logged in!

Compare scores with friends on all Sporcle quizzes.
OR
Log In

You Might Also Like...

Show Comments

Extras

Top Quizzes Today


Score Distribution

Your Account Isn't Verified!

In order to create a playlist on Sporcle, you need to verify the email address you used during registration. Go to your Sporcle Settings to finish the process.

Report this User

Report this user for behavior that violates our Community Guidelines.

Details: